00708nac a22002297a 4500001001000000003000900010005001700019008003400036040005400070072000800124100001800132100002100150110006700171245005800238260003400296300000900330490009000339500001300429650000900442650001500451650001200466BR9801396BR-BrBNA20240105122052.0230509b bl.|||m| |||| 00| 0 por d aBR-BrBNAbporcBiblioteca Nacional de Agricultura aH201 aMelo, G.S. de1 aSantos, V.F. dos1 aEmpresa Pernambucana de Pesquisa Agropecuaria, Recife (Brasil)1 aMetodo de avaliacao da incidencia da lixa do coqueiro3 aRecife, PE (Brasil): c1993.  a8 p. aComunicado Tecnico - Empresa Pernambucana de Pesquisa Agropecuaria (Brazil)vno. 53x a5 tables aCoco aLixa Preta aSintoma